Parhaan elokuvan Jussi-palkinnon voittajat - Statistics

Yleistilastot
  • Tätä visaa on pelattu 24 kertaa
    6 viimeisimmän päivityksen jälkeen
  • Keskiarvotulos 8 / 34
Vastaustilastot
Elokuva % Oikein
Myrskyluodon Maija
83%
Jossain on valo joka ei sammu
67%
Kauas pilvet karkaavat
50%
Kivenpyörittäjän kylä
50%
Koirankynnen leikkaaja
50%
Napapiirin sankarit
50%
Paha maa
50%
Hymyilevä mies
33%
Hytti nro 6
33%
Ikitie
33%
Miekkailija
33%
Mies vailla menneisyyttä
33%
Postia pappi Jaakobille
33%
Tytöt tytöt tytöt
33%
Aurora
17%
He ovat paenneet
17%
Le Havre
17%
Mummola
17%
Onnen maa
17%
Rukajärven tie
17%
Tove
17%
Tuhlaajapoika
17%
Betoniyö
0%
Joki
0%
Kohta 18
0%
Kuningasjätkä
0%
Laitakaupungin valot
0%
Musta jää
0%
Niko – Lentäjän poika
0%
Nousukausi
0%
Sairaan kaunis maailma
0%
Seitsemän laulua tundralta
0%
Tyhjiö
0%
Varjoja paratiisissa
0%
Ehtoja vastaavia visoja ei löytynyt
Tulosjakauma
Jokaisen tuloksen saaneiden osuus
Persentiili vastausten määrän mukaan
Tuloshistoriasi
Et ole pelannut tätä visaa sen viimeisimmän päivityksen jälkeen